000 00854nab a2200253 u 4500
001 17837
003 HDC
007 cr bn ---aaaaa
008 210225c mydr|noo 0 a may d
040 _aHDC
100 _aMohd Azrone Sarabatin
_eauthor
_98977
245 0 _a Jheains, Jakim perlu tegas terhadap pusat sembelih/
_cby Mohd Azrone Sarabatin
260 _aMalaysia :
_bBerita Harian,
_c2004
336 _atext
_2rdacontent
337 _acomputer
_2rdamedia
338 _aonline resource
_2rdacarrier
650 _ahalal issues
_91644
650 _aslaughter industry
_917018
710 _aBerita Harian
856 _zRequest full-text at [email protected]
942 _2lcc
942 _cNEWS
942 _kNWSO 008771
999 _c15153
_d15153